Tactics and techniques in psychoanlytic therapy

Bewaard in:
Bibliografische gegevens
Hoofdauteur: Giovacchini, Peter L.
Formaat: Boek
Taal:Undetermined
Gepubliceerd in: London The Hogarth Pres 1972
Onderwerpen:
Tags: Voeg label toe
Geen labels, Wees de eerste die dit record labelt!
Thư viện lưu trữ: Trung tâm Học liệu Trường Đại học Cần Thơ
LEADER 00505nam a2200181Ia 4500
001 CTU_90049
008 210402s9999 xx 000 0 und d
082 |a 616.8 
082 |b G512 
100 |a Giovacchini, Peter L. 
245 0 |a Tactics and techniques in psychoanlytic therapy 
245 0 |c Peter L. Giovacchini 
260 |a London 
260 |b The Hogarth Pres 
260 |c 1972 
650 |a Psychoanalysis 
904 |i Mai Loan,Hải 
980 |a Trung tâm Học liệu Trường Đại học Cần Thơ